Are Subsidies really Needed? The Case of EU Regional Policy in the Czech and Slovak Republics

Salvato in:
Dettagli Bibliografici
Autore principale: Šipikal, Miroslav, 1976-
Altri autori: Pisár, Peter, Labudová, Viera, 1958-
Natura: Capitolo di libro
Lingua:inglese
Soggetti:
Tags: Aggiungi Tag
Nessun Tag, puoi essere il primo ad aggiungerne!!

MARC

LEADER 00000naa a2200000 4500
001 0180547
005 20240802094227.8
041 0 |a eng 
044 |a CZ 
245 1 0 |a Are Subsidies really Needed? The Case of EU Regional Policy in the Czech and Slovak Republics  |c Miroslav Šipikal, Peter Pisár, Viera Labudová 
610 2 0 |a Európska únia 
610 2 0 |a Slovensko 
610 2 0 |a Česko 
610 2 0 |a politika regionálna 
610 2 0 |a fondy štruktúrne 
610 2 0 |a spolupráca medzinárodná 
100 1 |a Šipikal, Miroslav, 1976- 
700 1 |a Pisár, Peter 
700 1 |a Labudová, Viera, 1958-